LEGO Star Wars III: The Clone Wars Characters - Statistics

General Stats
  • This quiz has been taken 53 times
  • The average score is 67 of 168
Answer Stats
Answer % Correct
Obi-Wan Kenobi
100%
Obi-Wan Kenobi (Classic)
100%
Anakin Skywalker
96%
Darth Vader Battle Damaged (Classic)
96%
Darth Vader (Classic)
96%
Captain Rex
89%
Commander Cody
89%
Kit Fisto
89%
Padme Amidala
89%
Ahsoka
85%
Count Dooku
85%
Fives
85%
R2-D2
85%
Yoda
85%
Asajj Ventress
81%
Darth Sidious (Classic)
81%
Mace Windu
81%
Chancellor Palpatine
78%
Clone Pilot
78%
Clone Trooper
78%
General Grevious
78%
Heavy Weapons Clone Troopr
78%
Ki-Adi-Mundi
78%
Plo Koon
78%
Super Battle Droid
78%
Workout Clone Trooper
78%
Barris Offee
74%
Boba Fett (Classic)
74%
Darth Maul (Classic)
74%
Echo
74%
Aayla Secura
70%
Battle Droid
70%
Battle Droid Commander
70%
Gold Super Battle Droid
70%
Heavy Super Battle Droid
70%
Jango Fett
70%
Luke Skywalker (Classic)
70%
Princess Leia (Classic)
70%
C-3PO
67%
Cad Bane
67%
Chewbacca (Classic)
67%
Han Solo (Classic)
67%
Hevy
67%
Jar Jar Binks
67%
Luminara Uunduli
67%
Poggle the Lesser
67%
Vader's Apprentice (Classic)
67%
MagnaGuard
63%
Savage Opress
63%
Aurra Sing
59%
Destroyer Droid
59%
Eeth Koth
59%
Geonosian Guard
59%
Nute Gunray
59%
Qui-Gon Jin (Classic)
59%
Undead Geonosian
59%
Boil
56%
Watt Tambor
56%
Waxer
56%
Commander Bly
52%
Commander Ponds
52%
AAT
48%
Clone Shadow Trooper (Classic)
48%
Hondo Ohnaka
48%
Stormtrooper (Classic)
48%
Anakin's Jedi Starfighter
44%
Commander Stone
44%
R4-P17
44%
Bail Organa
41%
Jek
41%
Lieutenant Thire
41%
Obi-Wan's Jedi Starfighter
41%
Plo Koon's Jedi Starfighter
41%
Adi Gallia
37%
Commander Fil
37%
Grand Moff Tarkin
37%
Kit Fisto's Jedi Starfighter
37%
Lando Calrissian (Classic)
37%
Admiral Ackbar (Classic)
33%
Admiral Yularen
33%
AT-TE
33%
Bib Fortuna
33%
Commando Droid
33%
Dr. Nuvo Vindi
33%
Onaconda Farr
33%
Pirate Ruffian
33%
Republic Gunship
33%
Rys
33%
Vulture Droid
33%
ARC-170 Starfighter
30%
HELIOS-3D
30%
Lok Durd
30%
Rebel Commando (Classic)
30%
Robonino
30%
Senate Commando
30%
Senate Commando (Captain)
30%
Tusken Raider (Classic)
30%
V-19 Torrrent Starfighter
30%
Wedge Antilles (Classic)
30%
Y-wing Starfighter
30%
AT-RT
26%
BARC Speeder
26%
Greedo (Classic)
26%
Luxury Droid
26%
Turk Falso
26%
Wag Too
26%
Captain Typho
22%
Gamorrean Guard
22%
Geonosian Starfighter
22%
Gonk Droid
22%
STAP
22%
AT-AP Walker
19%
Captain Antilles (Classic)
19%
Hyena Bomber
19%
Jedi Shuttle
19%
MagnaGuard Starfighter
19%
MSE-6
19%
Neimoidian Starfighter
19%
R3-S6
19%
The Twilight
19%
TX-20
19%
Whorm Loathsom
19%
Geonosian Solar Sailor
15%
Hailfire Droid
15%
Imperial Guard (Classic)
15%
Lurmen Villager
15%
OG-9 Homing Spider Droid
15%
Pirate Speeder Tank
15%
RX-200 Tank
15%
Senator Kharrus
15%
Senator Philo
15%
Shahan Alama
15%
Slave 1
15%
Super Tank
15%
Tee Watt Kaa
15%
Dwarf Spider Droid
11%
LEP Servant Droid
11%
Neimoidian
11%
Probe Droid
11%
Queen Neeyutnee
11%
R6-H5
11%
Republic Attack Shuttle
11%
Republic Cruiser
11%
Republic Dropship
11%
Crab Droid
7%
Motorbike
7%
Sionver Boll
7%
Soulless One
7%
UFO
7%
Black Car
4%
Elephant
4%
H-type Nubian Yacht
4%
IC-86
4%
Ice Cream Van
4%
Nandar Vebb
4%
Orange Car
4%
Service Car
4%
Walker Suit
4%
Xanadu Blood
4%
Gloop Gatherer
0%
Medical Frigate
0%
Pirate Saucer
0%
Plunk Droid
0%
Starhawk Speeder Bike
0%
Stealth Ship
0%
The Halo
0%
Tractor Mower
0%
Trident Assault Craft
0%
No matching quizzes found
Score Distribution
Percent of People with Each Score
Percentile by Number Answered
Your Score History
You have not taken this quiz